| 000 | 00422nam a2200169Ia 4500 | ||
|---|---|---|---|
| 008 | 100315s9999 xx 000 0 und d | ||
| 040 | _cENGLISH | ||
| 082 | _b2827 | ||
| 100 | _a"Grewal, T. S. " | ||
| 245 | _aIntroducton TO Accountacy | ||
| 260 | _c1995 | ||
| 365 |
_eRupees _d1 _b110.00 |
||
| 366 | _f0 | ||
| 630 | _aIntroducton TO Accountacy | ||
| 730 | _aIntroducton TO Accountacy | ||
| 942 | _cBOOK | ||
| 999 |
_c477562 _d477559 |
||